Crafts and craftsmen of New Jersey.

Bibliographic Details
Main Author: Van Hoesen, Walter Hamilton, 1897-
Format: Book
Language:English
Published: Rutherford [N.J.] : Fairleigh Dickinson University Press, [1973]
Subjects:

MARC

Tag First Indicator Second Indicator Subfields
LEADER 00000cam a2200000 4500
001 in00000095261
005 20150927110704.0
008 720613s1973 njua b 00100 eng
010 |a  72000421  
020 |a 0838610803 
035 |a (OCoLC)00340394 
035 |9 AAL7144AM 
040 |a DLC  |c DLC  |d TXA  |d UtOrBLW 
043 |a n-us-nj 
049 |a TXAM  |c [1333531] 
050 0 0 |a TT24.N5  |b V35 
082 0 |a 745.5/09749 
100 1 |a Van Hoesen, Walter Hamilton,  |d 1897- 
245 1 0 |a Crafts and craftsmen of New Jersey. 
264 1 |a Rutherford [N.J.] :  |b Fairleigh Dickinson University Press,  |c [1973] 
300 |a 251 pages :  |b illustrations ;  |c 21 cm. 
336 |a text  |b txt  |2 rdacontent 
337 |a unmediated  |b n  |2 rdamedia 
338 |a volume  |b nc  |2 rdacarrier 
504 |a Bibliography: pages 242-243. 
650 0 |a Handicraft  |z New Jersey  |x History. 
650 0 |a Artisans  |z New Jersey. 
999 |a MARS 
999 f f |s 31b28a87-cfc4-394a-bf24-7e9061a800be  |i 579a753e-c9ef-33cd-8fbf-0dcab7657919  |t 0 
952 f f |p ric  |a Texas A&M University  |b Rellis Campus  |c Joint Library Facility  |d Remote Storage  |t 0  |e TT24.N5 V35  |h Library of Congress classification  |i unmediated -- volume  |m A14805655467 
998 f f |a TT24.N5 V35  |t 0  |l Remote Storage